| 000 | 00791aam a2200277 i 4500 | ||
|---|---|---|---|
| 001 | 768714001 | ||
| 003 | CO-MdFUSB | ||
| 005 | 20250509152926.0 | ||
| 007 | ta | ||
| 008 | 250509t1994 -us |||| |||| 00| 0 eng d | ||
| 040 | _cCO-MdFUSB | ||
| 041 | 0 | _aeng | |
| 082 | 0 | 4 |
_223 _a242.2 _bC8759s |
| 100 | 1 |
_aCowman, Charles E., Mrs., 1870-1960. _eautor |
|
| 245 | 1 | 0 |
_aThe story behind streams in the desert _c/ Lettie Cowman , Ed Erny |
| 264 | 1 |
_bOMS International, _aEstados Unidos : _c[1994] |
|
| 264 | 4 | _c©1994 | |
| 300 |
_a183 páginas _bretratos, imágenes a color |
||
| 336 |
_atexto _btxt _2rdacontent |
||
| 337 |
_2rdamedia _asin mediación _bn |
||
| 338 |
_2rdacarrier _avolumen _bnc |
||
| 653 | _aMeditaciones | ||
| 700 | 1 |
_aErny, Ed. _eautor |
|
| 942 | _cBK | ||
| 945 | _aJTF-925 | ||
| 999 |
_c44316 _d44316 |
||